00592nam a22001937a 4500003000500000005001700005008004100022010001000063011001000073035001000083040000900093082001500102245013200117260005000249300002000299490002700319650002500346830002700371CHAP20220329140005.0971013s1962 r 00010 d a45155 a46127 a50267 cCHAP a664.7bR42 aRecent adcances in processing cereals. Compresing papers (with discussions) read at held at the Royal Society of Medicine, 1961 aLondon :bSociety of Chemical Insustry,c1962 a199 p.b: ilus. aC.S.I. Monographv; 1614aCerealesxProcesado.0 aC.S.I. Monographv; 16